000 00759nam a2200229 a 4500
999 _c3184
_d3184
001 3184
003 BD-JhCC
005 20171112172555.0
008 171111s1985 bg |||| |||| 000 0 ben d
035 _a(BD-JhCC)
040 _aBD-JhCC
_dBD-JhCC
041 _aben
082 _a338.9
_bSAM 1985
100 _aসামাদ, সৈয়দ আবদুল
245 _aপরিকল্পনা /
_cসৈয়দ আবদুল সামাদ
260 _aঢাকা:
_bবাংলা একাডেমী ;
_c১৯৮৫
300 _a৯৩ পৃ.;
_c১৮ সেমি
490 _aSeries in honour of the Martyrs of the Language Movement of February 1952.
504 _aIncludes bibliography
650 _aPlanning
942 _2ddc
_cBK